000 00440cam a2200193ua 4500
001 8711
005 20260515114352.0
008 150212n ii |||gr||||Z||||||eng
040 _cMAIN
041 _aeng
082 _a822.33
100 _aShakespeare, W.,
_eAuthor.
245 1 _aMacbeth
_cBy William Shakespeare
250 _a1st.
260 _aNew Delhi:
_bSurjeet,
_c1996.
300 _a196p.
653 _aEnglish drama
942 _cBK
999 _c7802
_d7802